000 00473nam a2200157 4500
999 _c5434
_d5434
008 161103b xxu||||| |||| 00| 0 eng d
022 _a9770118389007
082 _aDPer 641.05 F73 Mar-Jul 2013
100 _916738
_aCeli, Sandra F.
245 _aWake up to farm fresh eggs/
_cSandra F. Celi.
260 _aQuezon City:
_bABS CBN Publishing, Inc.,
_c©2013.
300 _apage 24;
_c30 cm.
500 _aFood.
650 0 _916739
_aFood
_xProteins
942 _2ddc
_cPER